Текст томруулах:    
Managerial accounting (Бичлэгийн дугаар. 146073)
000 -УДИРДЛАГА
Удирдлага 00880 a2200289 4500
003 - ХЯНАЛТЫН ТОО ТОДОРХОЙЛОГЧ
Код MN-UlNUM
005 - БИЧИЛТ ХИЙСЭН ОГНОО
Тухайн бичилтийг бичсэн засварласан сүүлийн огноо 20260103194328.0
008 - ЕРӨНХИЙ МЭДЭЭЛЭЛ
Ерөнхий мэдээлэл 110605s2010 njua 001 0 eng
020 ## - ISBN
ISBN 9780136091165
-- 0136091164
040 ## - БИЧЛЭГ ҮҮСГЭГЧ БАЙГУУЛЛАГА
Бичлэг үүсгэгч номын сангийн код МУИС-ийн номын сан
084 ## - ББК АНГИЛАЛ
ББК ангилал 65.290-2
Зохиогчийн гурван тэмдэгт B 84
Нэмэлт тусгалт Гарын авлага
Мэдлэгийн ялгаа 65 - Эдийн засаг
100 1# - ЗОХИОГЧ
Зохиогчийн нэр Braun, Karen Wilken
245 10 - ҮНДСЭН ГАРЧИГ
Номын нэр Managerial accounting
Оролцогчдын тухай мэдээ Karen Wilken Braun, Wendy M. Tietz, Walter T. Harrison, Jr.
250 ## - ДАХИН ХЭВЛЭЛТ
Дахин гаралтын дугаар 2nd ed.
260 ## - ГАРАЛТЫН МЭДЭЭ
Хэвлэгдсэн газар Upper Saddle River, N.J.
Хэвлэлийн газар Prentice Hall
Хэвлэгдсэн он 2010
300 ## - МАТЕРИАЛЫН ТОДОРХОЙЛОЛТ
хуудасны тоо xxv, 826, 14 p.
Бусад тоон мэдээлэл ill. (chiefly col.)
Хэмжээ 29 cm
500 ## - Тайлбар
Дансны дугаар БС 6002
546 ## - ХЭЛНИЙ ТУХАЙ МЭДЭЭ
Хэл Англи хэл дээр,
653 ## - Түлхүүр үг
Түлхүүр үг economics
653 ## - Түлхүүр үг
Түлхүүр үг accounting
653 ## - Түлхүүр үг
Түлхүүр үг managerial accounting
700 1# - ХАМ ЗОХИОГЧИД
Ба бус Tietz, Wendy M.
700 1# - ХАМ ЗОХИОГЧИД
Ба бус Harrison, Walter T.
Dates associated with a name Jr.
942 ## - ЭЛЕМЕНТИЙН ТӨРӨЛ
Зүйлийн төрөл Ном